Vista normal
Vista MARC
Entrada Personal Name
Número de registros utilizados en: 2
001 - CONTROL NUMBER
- control field: 17443
003 - CONTROL NUMBER IDENTIFIER
- control field: DLC
005 - DATE AND TIME OF LATEST TRANSACTION
- control field: 20250909102804.0
008 - FIXED-LENGTH DATA ELEMENTS
- fixed length control field: 120125n| azannaabn |a aaa c
010 ## - LIBRARY OF CONGRESS CONTROL NUMBER
- LC control number: no2012011707
035 ## - SYSTEM CONTROL NUMBER
- System control number: (OCoLC)oca09096541
040 ## - CATALOGING SOURCE
- Original cataloging agency: ICU
- Language of cataloging: spa
- Transcribing agency: Mx-PuUPA
- Description conventions: rda
- Modifying agency: Mx-PuUPA
100 1# - HEADING--PERSONAL NAME
- Personal name: González Ramírez, Misael,
374 ## - OCCUPATION
- Occupation: Autor
375 ## - GENDER
- Gender: hombre
377 ## - ASSOCIATED LANGUAGE
- Language code: spa
400 1# - SEE FROM TRACING--PERSONAL NAME
- Personal name: Ramírez, Misael González
670 ## - SOURCE DATA FOUND
- Source citation: La historia de las organizaciones de mexicanos en Chicago a cien años de su llegada (1910-2010), 2011:
- Information found: t.p. (Misael González Ramírez)